000 00504nam a2200169Ia 4500
003 GCL
008 140319s9999 xx 000 0 ara d
040 _aGCL /
_cGCL
082 0 4 _a928.1
_bف ا
100 1 _aفوزى سليمان
245 1 0 _aابراهيم المصرى حياتة وادبة : دراسة تحليلية /
_cفوزى سليمان
260 _a[S.N] :
_bمطبعة النصر ،
_c1965
300 _a82 ص
490 _a
650 0 4 _aابراهيم المصرى
942 _2ddc
_cBK
999 _c48929
_d48929